00481nam a2200157Ia 4500003000900000008004100009020001800050040001600068080001300084100002000097245011500117260004100232300001300273650001900286650001800305IN-BaIIA211028s9999 xx 000 0 eng d a1-86094-026-9 cIIA Library a533bTRE aTreumann, R. A. 0aAdvanced space plasma physicscR. A. Treumann and W. Baumjohann  aLondonbImperial College Pressc1997 ax, 381p. aPlasma physics aSpace plasmas